[Event "XIII. DBMM 2013 "]
[Site "?"]
[Date "2013.09.26"]
[Round "1.1"]
[White "Behrendt, Clemens"]
[Black "Segerberg, Thomas"]
[Result "0-1"]
[WhiteElo "2090"]
[BlackElo "1996"]
[PlyCount "134"]
[EventDate "2013.01.19"]

1. Nf3 Nf6 2. g3 c5 3. Bg2 Nc6 4. O-O e5 5. c4 Be7 6. Nc3 O-O 7. e3 d6 8. b3
Bg4 9. h3 Bf5 10. d4 Rb8 11. Bb2 Re8 12. Nd5 Bf8 13. Nh4 Bg6 14. Nxg6 hxg6 15.
dxc5 dxc5 16. Qd2 Nxd5 17. cxd5 Nb4 18. a3 Na6 19. e4 Nc7 20. f4 Bd6 21. fxe5
Bxe5 22. Bxe5 Rxe5 23. Qf2 Qf8 24. b4 cxb4 25. axb4 a6 26. Rac1 Nb5 27. Qc5 f6
28. Rfd1 Nd6 29. Qd4 Qe7 30. Qb6 Rd8 31. Rc7 Rd7 32. Rxd7 Qxd7 33. Rd4 Qe7 34.
Kh2 Kf7 35. Qc5 Nb5 36. Rd2 Nd6 {(R)} 37. Qd4 Qc7 38. Qc5 Qe7 39. Rd4 Nb5 40.
Rd3 Nd6 41. Qd4 Nb5 42. Qb6 Qc7 43. Qxc7+ Nxc7 44. h4 Nb5 45. d6 Ke8 46. Bh3
Rxe4 47. Bc8 Rxb4 48. d7+ Kd8 49. Bxb7 Rd4 50. Rb3 {(R)} Kxd7 51. Bxa6 Rd2+ 52.
Kh3 Nd6 53. Bd3 f5 54. Ra3 Ke6 55. Bb1 Ne4 56. Ra6+ Ke5 57. Ra5+ Kd4 58. Ra4+
Ke3 59. Ra3+ Ke2 60. Ra2 Rxa2 61. Bxa2 Kf2 62. g4 Kf3 63. g5 Nf2+ 64. Kh2 Kg4
65. Kg2 Ne4 66. Bf7 Kxh4 67. Bxg6 Kxg5 0-1

[Event "XIII. DBMM 2013 "]
[Site "?"]
[Date "2013.09.26"]
[Round "1.2"]
[White "Lichtenstern, Elmar"]
[Black "Liebersbach, Siegmund"]
[Result "1-0"]
[WhiteElo "2127"]
[BlackElo "1730"]
[PlyCount "77"]
[EventDate "2013.01.19"]

1. d4 Nf6 2. Bg5 d5 3. Nd2 Nbd7 4. e3 c6 5. c3 e6 6. Ngf3 Be7 7. Bd3 Nf8 8. Ne5
Ng6 9. f4 Nd7 10. Bxe7 Qxe7 11. O-O Ndxe5 12. fxe5 Bd7 13. Qh5 Qh4 14. Qf3 O-O
15. g3 Qg5 16. Qe2 f6 17. exf6 Rxf6 18. Rxf6 gxf6 19. Bxg6 hxg6 20. Rf1 Rf8 21.
e4 e5 22. exd5 exd4 23. Ne4 d3 24. Qxd3 Qe5 25. Qd4 Qxd4+ 26. cxd4 Bf5 27. Nd6
Bh3 28. Re1 Rd8 29. Re8+ Rxe8 30. Nxe8 cxd5 31. Nxf6+ Kf7 32. Nxd5 Be6 33. Nc3
Ke7 34. Kf2 Bd7 35. Ke3 b5 36. b4 Bc6 37. Kf4 Kd6 38. Kg5 Be8 39. h4 1-0

[Event "XIII. DBMM 2013 "]
[Site "?"]
[Date "2013.09.26"]
[Round "1.3"]
[White "Uhlarz, Joerg"]
[Black "Jachs, Walter"]
[Result "0-1"]
[WhiteElo "1753"]
[BlackElo "2029"]
[PlyCount "78"]
[EventDate "2013.01.19"]

1. d4 Nf6 2. c4 g6 3. Nc3 d5 4. Nf3 Bg7 5. g3 c6 6. cxd5 cxd5 7. Bg2 Nc6 8. O-O
O-O 9. a3 Ne4 10. Qb3 Na5 11. Qxd5 Nxc3 12. Qxd8 Nxe2+ 13. Kh1 Rxd8 14. Re1 Nb3
15. Rxe2 Nxa1 16. Rxe7 Nb3 17. Be3 Bf6 18. Rc7 Nxd4 19. Nd2 Nf5 20. Nf1 Bxb2
21. Bxb7 Bxb7+ 22. Rxb7 Nxe3 23. Nxe3 Bxa3 24. Nc4 Bc5 25. Kg2 Bd4 26. Na5 Rab8
27. Rxb8 Rxb8 28. Nc6 Be5 29. Nxe5 a5 30. Nc4 a4 31. h4 Rb4 32. Na3 Rb3 33. Nc4
Rc3 34. Nd2 a3 35. Ne4 Rc2 36. Nf6+ Kg7 37. Ne8+ Kf8 38. Nf6 a2 39. Nxh7+ Kg7
0-1

[Event "XIII. DBMM 2013 "]
[Site "?"]
[Date "2013.09.26"]
[Round "1.4"]
[White "Liefrink, Feike"]
[Black "Nitsch, Norbert"]
[Result "1-0"]
[WhiteElo "2065"]
[BlackElo "1738"]
[PlyCount "53"]
[EventDate "2013.01.19"]

1. e4 c5 2. d4 cxd4 3. c3 Nc6 4. Nf3 d6 5. cxd4 Nf6 6. Nc3 g6 7. Be2 Bg7 8. O-O
a6 9. Bf4 Nh5 10. Be3 b5 11. Rc1 Bd7 12. Qd2 O-O 13. Bh6 Rc8 14. Bxg7 Kxg7 15.
e5 dxe5 16. dxe5 Bg4 17. Qe3 Kh8 18. Rfd1 Qa5 19. Ng5 Bxe2 20. Nxe2 Qb4 21. e6
fxe6 22. Nxe6 Rfe8 23. b3 Kg8 24. Nc3 Qg4 25. h3 Qh4 26. Nd5 Kh8 27. Nb6 1-0

[Event "XIII. DBMM 2013 "]
[Site "?"]
[Date "2013.09.26"]
[Round "1.1"]
[White "Blum, Norbert"]
[Black "Campi, Matteo"]
[Result "1-0"]
[WhiteElo "2021"]
[BlackElo "1400"]
[PlyCount "75"]
[EventDate "2013.01.19"]

1. e4 d5 2. exd5 Nf6 3. Bb5+ Bd7 4. Bc4 Bg4 5. Nf3 Nxd5 6. c3 Nb6 7. Bxf7+ Kxf7
8. Ng5+ Ke8 9. Qxg4 N8d7 10. Qe6 Nc5 11. Qf7+ Kd7 12. d4 Nd3+ 13. Kd2 Nxf2 14.
Qxf2 Qe8 15. Nf7 Rg8 16. Kc2 Kc8 17. Nd2 g5 18. Ne4 h6 19. h4 Qc6 20. Re1 gxh4
21. b3 Nd5 22. Ne5 Qe6 23. Nc5 Qf6 24. Re2 Rg3 25. Ne4 Qxf2 26. Rxf2 Rg8 27.
Bd2 e6 28. Raf1 Be7 29. Bxh6 b6 30. Nc6 Bd6 31. Nxd6+ cxd6 32. c4 Rg6 33. Bd2
Kd7 34. cxd5 exd5 35. Nb4 Rc8+ 36. Kb2 a5 37. Nxd5 Re6 38. Nxb6+ 1-0

[Event "XIII. DBMM 2013 "]
[Site "?"]
[Date "2013.09.26"]
[Round "1.2"]
[White "Guth, Thomas"]
[Black "Lau, Peter"]
[Result "1-0"]
[WhiteElo "2238"]
[BlackElo "1791"]
[PlyCount "51"]
[EventDate "2013.01.19"]

1. e4 e6 2. d4 d5 3. e5 c5 4. c3 Nc6 5. Nf3 Qb6 6. Bd3 cxd4 7. cxd4 Bd7 8. O-O
Nxd4 9. Nxd4 Qxd4 10. Nc3 a6 11. Qe2 Ne7 12. Kh1 Nc6 13. f4 Qa7 14. a3 Bc5 15.
Bd2 Rc8 16. f5 Bd4 17. Bf4 Bxc3 18. bxc3 Ne7 19. f6 gxf6 20. exf6 Ng6 21. Bg3
Rxc3 22. Rad1 Qc5 23. Qb2 Qc8 24. Rc1 Rxc1 25. Rxc1 Bc6 26. Qb4 1-0

[Event "XIII. DBMM 2013 "]
[Site "?"]
[Date "2013.09.26"]
[Round "1.3"]
[White "Pachl, Manfred"]
[Black "Schramm, Christian"]
[Result "0-1"]
[WhiteElo "1775"]
[BlackElo "2396"]
[PlyCount "90"]
[EventDate "2013.01.19"]

1. e4 c5 2. Bc4 Nc6 3. Nc3 Nf6 4. d3 e6 5. Bg5 h6 6. Bxf6 Qxf6 7. Qf3 Qxf3 8.
Nxf3 a6 9. a4 g5 10. h3 b6 11. Ne2 Bb7 12. O-O Be7 13. c3 h5 14. Nd2 g4 15.
hxg4 hxg4 16. Rfd1 O-O-O 17. Bb3 Rh6 18. Nc4 Rdh8 19. Kf1 Kc7 20. Ng3 d6 21.
Ne3 Rh4 22. Ke2 Ne5 23. Bc2 Bg5 24. Rh1 Ng6 25. Rag1 Bf4 26. Rxh4 Rxh4 27. Ngf1
Bxe3 28. Nxe3 Ne5 29. Rd1 a5 30. g3 Rh2 31. Kf1 f5 32. exf5 exf5 33. Ke1 Bf3
34. Rb1 f4 35. gxf4 Ng6 36. f5 Nf4 37. f6 Kd7 38. Nf1 Rh6 39. Kd2 Nh3 40. Ke1
Rxf6 41. Ne3 Re6 42. Bd1 Bxd1 43. Rxd1 g3 44. Ke2 Rxe3+ 45. Kxe3 g2 0-1

[Event "XIII. DBMM 2013 "]
[Site "?"]
[Date "2013.09.26"]
[Round "1.4"]
[White "Buescher, Henrik"]
[Black "Wirth, Volker"]
[Result "1-0"]
[WhiteElo "2112"]
[BlackElo "1711"]
[PlyCount "97"]
[EventDate "2013.01.19"]

1. d4 d5 2. e3 Nf6 3. f4 Bf5 4. Nf3 e6 5. c3 Be7 6. Be2 O-O 7. O-O c5 8. Ne5
Nbd7 9. Nd2 Rc8 10. g4 Be4 11. g5 Ne8 12. Nxe4 dxe4 13. Ng4 Nd6 14. Nf2 f5 15.
b3 Kh8 16. Bb2 Re8 17. c4 cxd4 18. exd4 e3 19. Nh1 Bxg5 20. Ng3 Bf6 21. Qd3 Nf8
22. Qxe3 g6 23. Rad1 Qc7 24. Rf2 Nf7 25. Bf1 Nh6 26. h3 Nf7 27. Rg2 Rcd8 28.
Be2 a6 29. Bf3 Qe7 30. Kh1 Rd7 31. Qc1 Nd8 32. Qa1 Qg7 33. Nh5 gxh5 34. Rxg7
Bxg7 35. d5 Bxb2 36. Qxb2+ Kg8 37. Rg1+ Ng6 38. Bxh5 Kf7 39. Qg2 Rg8 40. Qc2
exd5 41. Qxf5+ Ke8 42. cxd5 Rf8 43. Bxg6+ hxg6 44. Qxg6+ Rdf7 45. Rc1 Kd7 46.
Qb6 Ke8 47. Re1+ Kd7 48. d6 Kc8 49. Re7 1-0

[Event "XIII. DBMM 2013 "]
[Site "?"]
[Date "2013.09.26"]
[Round "1.1"]
[White "Hedden, Helge"]
[Black "Kosak, Robert"]
[Result "0-1"]
[WhiteElo "2150"]
[BlackElo "2219"]
[PlyCount "96"]
[EventDate "2013.01.19"]

1. c4 c5 2. g3 Nc6 3. Bg2 g6 4. Nc3 Bg7 5. a3 a5 6. Nh3 e6 7. O-O Nge7 8. Nf4
O-O 9. e3 d6 10. d3 Rb8 11. Bd2 b6 12. Rb1 Bb7 13. Nb5 Qd7 14. b4 axb4 15. axb4
Rfd8 16. Qb3 Ne5 17. f3 d5 18. Bc3 Nf5 19. Bxe5 Bxe5 20. e4 Ne3 21. Rfe1 dxc4
22. dxc4 Bxf4 23. gxf4 Nxg2 24. Kxg2 Qd2+ 25. Kg3 Rd3 26. Qb2 Rbd8 27. Re2 Qxb2
28. Rbxb2 cxb4 29. Rxb4 f5 30. Nc7 Bxe4 31. Nxe6 Rxf3+ 32. Kh4 Rd6 33. c5 Rxe6
34. cxb6 Rxf4+ 35. Kg3 Rg4+ 36. Kf2 Rg2+ 37. Kf1 Rxe2 38. Kxe2 Bb7+ 39. Kf2 Kg7
40. Rb2 Kf6 41. h4 h6 42. Rb3 Ke5 43. Kg3 f4+ 44. Kg4 Rf6 45. Rb2 Kd6 46. Rf2
f3 47. Kg3 Kc5 48. h5 g5 0-1

[Event "XIII. DBMM 2013 "]
[Site "?"]
[Date "2013.09.26"]
[Round "1.2"]
[White "Jostes, Marko"]
[Black "Hein, Ralf"]
[Result "1/2-1/2"]
[WhiteElo "2083"]
[BlackElo "2073"]
[PlyCount "82"]
[EventDate "2013.01.19"]

1. c4 c5 2. Nc3 Nc6 3. g3 g6 4. Bg2 Bg7 5. e4 d6 6. Nge2 e5 7. O-O Nge7 8. Rb1
O-O 9. a3 f5 10. d3 h6 11. exf5 Nxf5 12. Nd5 Ncd4 13. Nxd4 Nxd4 14. Be3 Rb8 15.
b4 b6 16. Bxd4 exd4 17. Qd2 Kh7 18. Rfe1 Rf7 19. b5 Bf5 20. a4 Qd7 21. a5 bxa5
22. Ra1 Re8 23. Rxe8 Qxe8 24. Kf1 Qd8 25. Ke2 Bg4+ 26. Kf1 h5 27. Rxa5 Bh6 28.
f4 g5 29. Be4+ Kg7 30. f5 Bxf5 31. Bxf5 Rxf5+ 32. Kg2 Rf7 33. Ra1 g4 34. Qe2
Qg5 35. Rf1 Rxf1 36. Kxf1 Qf5+ 37. Kg2 Bg5 38. Nc7 Be3 39. Ne8+ Kg6 40. Nxd6
Qe6 41. Ne4 Qb6 1/2-1/2

[Event "XIII. DBMM 2013 "]
[Site "?"]
[Date "2013.09.26"]
[Round "1.3"]
[White "Kaliski, Achim"]
[Black "Kassner, Ralph"]
[Result "0-1"]
[WhiteElo "1958"]
[BlackElo "1758"]
[PlyCount "128"]
[EventDate "2013.01.19"]

1. e4 e6 2. d4 d5 3. exd5 exd5 4. Bd3 Nf6 5. Bg5 Be7 6. Nf3 Bg4 7. O-O O-O 8.
c3 h6 9. Bh4 Re8 10. Nbd2 Ne4 11. Bxe7 Rxe7 12. Qc2 Bxf3 13. Nxf3 Nd7 14. Rfe1
Nef6 15. Qb3 Rb8 16. Qb4 Rxe1+ 17. Rxe1 c6 18. Nh4 Qf8 19. Qxf8+ Kxf8 20. Nf5
Re8 21. Kf1 Rxe1+ 22. Kxe1 Ne8 23. Kd2 Ndf6 24. f3 h5 25. b3 g6 26. Ne3 Ke7 27.
c4 Nc7 28. h4 Ne6 29. Kc3 Kd6 30. g3 b6 31. f4 Ne4+ 32. Bxe4 dxe4 33. f5 Ng7
34. fxg6 fxg6 35. g4 Ke6 36. gxh5 gxh5 37. Kd2 Kf6 38. Ke2 Ne6 39. Nc2 Kf5 40.
Ke3 Nf4 41. d5 cxd5 42. Nd4+ Kg4 43. Nc6 a5 44. cxd5 Nxd5+ 45. Kd4 Nb4 46. Ne5+
Kf5 47. Nc4 Nxa2 48. Nd6+ Kg4 49. Kxe4 Nc1 50. Nc4 Nxb3 51. Nxb6 Kxh4 52. Nd5
Kg3 53. Ne3 a4 54. Kd3 Kf3 55. Nf5 Kf4 56. Ne7 h4 57. Ng6+ Kg5 58. Ne5 h3 59.
Nf3+ Kf4 60. Nh2 Kg3 61. Nf1+ Kf2 62. Nh2 Kg2 63. Ng4 h2 64. Ne3+ Kf3 0-1

[Event "XIII. DBMM 2013 "]
[Site "?"]
[Date "2013.09.26"]
[Round "1.4"]
[White "Seeger, Ernst"]
[Black "Groeppel, Peter"]
[Result "0-1"]
[WhiteElo "1677"]
[BlackElo "1934"]
[PlyCount "62"]
[EventDate "2013.01.19"]

1. d4 Nf6 2. Nf3 d5 3. e3 c6 4. Bd3 Bg4 5. Nbd2 Nbd7 6. h3 Bh5 7. c4 Bg6 8. Qe2
e6 9. e4 dxc4 10. Nxc4 Be7 11. Bg5 O-O 12. O-O c5 13. e5 Nd5 14. Bxe7 Qxe7 15.
Rfe1 Nf4 16. Qd2 Nxd3 17. Red1 b5 18. Nd6 cxd4 19. Nxb5 N3xe5 20. Nxe5 Nxe5 21.
Qxd4 Nf3+ 22. gxf3 Qg5+ 23. Kh2 Qxb5 24. a4 Qe2 25. Ra3 e5 26. Qd2 Qc4 27. b4
e4 28. Qd6 exf3 29. Rd4 Qe2 30. Rd2 Qf1 31. Qd5 Qg2# 0-1

[Event "XIII. DBMM 2013 "]
[Site "?"]
[Date "2013.09.26"]
[Round "1.1"]
[White "Lotzien, Hans"]
[Black "Giel, Olaf"]
[Result "0-1"]
[WhiteElo "2152"]
[BlackElo "2122"]
[PlyCount "92"]
[EventDate "2013.01.19"]

1. e4 c5 2. Nc3 d6 3. Bc4 Nc6 4. d3 e6 5. Nge2 Be7 6. O-O Nf6 7. h3 a6 8. a4
Rb8 9. Bf4 Na5 10. Qd2 O-O 11. Kh1 Bd7 12. e5 Nxc4 13. dxc4 dxe5 14. Bxe5 Bc6
15. Qe3 Ra8 16. b3 Nd7 17. Rad1 Qe8 18. Bh2 Nf6 19. Bd6 Rc8 20. Ng3 Rd8 21.
Qxc5 Rxd6 22. Rxd6 Qb8 23. Rfd1 Ne8 24. Nce4 Nxd6 25. Rxd6 Bxd6 26. Qxd6 Qxd6
27. Nxd6 b6 28. Nde4 Rd8 29. c5 Rd1+ 30. Kh2 b5 31. axb5 axb5 32. f3 Kf8 33. c3
h6 34. Ne2 f5 35. Nf2 Rd2 36. Nd4 Bd7 37. c6 Bxc6 38. Nxc6 Rxf2 39. Nd4 e5 40.
Nxb5 e4 41. fxe4 fxe4 42. Kg3 e3 43. Nd4 h5 44. h4 g5 45. Ne6+ Ke7 46. Nxg5 Rf1
0-1

[Event "XIII. DBMM 2013 "]
[Site "?"]
[Date "2013.09.26"]
[Round "1.2"]
[White "Buhrdorf, Axel"]
[Black "Hemmann, Arnold"]
[Result "0-1"]
[WhiteElo "1787"]
[BlackElo "2153"]
[PlyCount "82"]
[EventDate "2013.01.19"]

1. e4 c5 2. c3 b6 3. d4 Bb7 4. Bd3 Nf6 5. Qe2 e6 6. Nf3 cxd4 7. cxd4 Nc6 8. Nc3
Nb4 9. Bb5 a6 10. Ba4 b5 11. Bb3 d5 12. e5 Ne4 13. Be3 Be7 14. O-O Nxc3 15.
bxc3 Nc6 16. Nd2 Na5 17. Qg4 g6 18. Rac1 h5 19. Qe2 Rc8 20. Nb1 Nc4 21. a4 Bc6
22. Bxc4 dxc4 23. axb5 axb5 24. Rc2 Be4 25. Rd2 O-O 26. Bh6 Bd3 27. Qe3 Re8 28.
Re1 b4 29. cxb4 Bxb4 30. Bg5 Be7 31. Bxe7 Qxe7 32. Nc3 Qb4 33. Ne2 Bxe2 34.
Qxe2 c3 35. Rdd1 Red8 36. Qc2 Rxd4 37. Rb1 Qc5 38. Re2 Rcd8 39. g3 Rd2 40. Rxd2
Rxd2 41. Rb8+ Kg7 0-1

[Event "XIII. DBMM 2013 "]
[Site "?"]
[Date "2013.09.26"]
[Round "1.3"]
[White "Broehl, Stephan"]
[Black "Duckstein, Torsten"]
[Result "1-0"]
[WhiteElo "2131"]
[BlackElo "1944"]
[PlyCount "69"]
[EventDate "2013.01.19"]

1. e4 e6 2. d4 d5 3. Nc3 Bb4 4. Nge2 dxe4 5. a3 Be7 6. Nxe4 Nf6 7. Qd3 O-O 8.
Bf4 b6 9. Qf3 c6 10. N2c3 Bb7 11. O-O-O Nd5 12. Be5 Nxc3 13. Nxc3 Nd7 14. Bd3
Nxe5 15. dxe5 Qc7 16. Qe4 g6 17. h4 c5 18. Qe3 c4 19. Be2 Rfd8 20. h5 Rxd1+ 21.
Bxd1 g5 22. h6 Qc5 23. Qg3 Kh8 24. Bf3 Bxf3 25. gxf3 Rd8 26. f4 Qd4 27. fxg5
Qd2+ 28. Kb1 Qxg5 29. Qh2 Qf5 30. f4 Bc5 31. Rd1 Rxd1+ 32. Nxd1 Qg4 33. Qd2 Qg1
34. Qd8+ Qg8 35. Qf6+ 1-0

[Event "XIII. DBMM 2013 "]
[Site "?"]
[Date "2013.09.26"]
[Round "1.4"]
[White "Brandt, Axel"]
[Black "Mueller-Boge, Michael"]
[Result "0-1"]
[WhiteElo "1525"]
[BlackElo "2002"]
[PlyCount "60"]
[EventDate "2013.01.19"]

1. Nf3 Nf6 2. d4 g6 3. c4 Bg7 4. e3 O-O 5. Nc3 d5 6. cxd5 Nxd5 7. Bc4 Nxc3 8.
bxc3 c5 9. O-O Nc6 10. Rb1 Qc7 11. Be2 Rd8 12. Bd2 a6 13. Qc1 Bf5 14. Rb2 Na5
15. h3 b5 16. Ne1 Rac8 17. Bd3 cxd4 18. exd4 Bxd4 19. Bxf5 gxf5 20. Bh6 Bf6 21.
Rc2 Nc4 22. Nf3 e5 23. Ng5 Qe7 24. Re1 Rc6 25. h4 Rdd6 26. Rce2 Bh8 27. Qf4
Rxh6 28. Qxf5 Rxh4 29. Nf3 Rhh6 30. Nd4 Qh4 0-1

[Event "XIII. DBMM 2013 "]
[Site "?"]
[Date "2013.09.26"]
[Round "1.1"]
[White "Dekker, Derk"]
[Black "Schulz, Michael"]
[Result "0-1"]
[WhiteElo "1817"]
[BlackElo "2249"]
[PlyCount "54"]
[EventDate "2013.01.19"]

1. e4 g6 2. d4 Bg7 3. c3 d5 4. e5 c5 5. Nf3 Nc6 6. Be2 Bg4 7. Na3 cxd4 8. cxd4
Qb6 9. Nc2 e6 10. O-O Nge7 11. b3 O-O 12. Ba3 Rfc8 13. Bc5 Qd8 14. Ne3 Bxf3 15.
Bxf3 Nxe5 16. Bxe7 Nxf3+ 17. Qxf3 Qxe7 18. Rfd1 Rc7 19. g3 Rac8 20. h4 h5 21.
Kg2 a6 22. Qe2 Qb4 23. Qb2 Rc3 24. Rac1 Bxd4 25. Nc2 Rxg3+ 26. fxg3 Bxb2 27.
Nxb4 Bxc1 0-1

[Event "XIII. DBMM 2013 "]
[Site "?"]
[Date "2013.09.26"]
[Round "1.2"]
[White "Jaehnisch, Frank"]
[Black "Oberpriller, Josef"]
[Result "0-1"]
[WhiteElo "2220"]
[BlackElo "1988"]
[PlyCount "70"]
[EventDate "2013.01.19"]

1. d4 f5 2. c4 e6 3. g3 Nf6 4. Bg2 Be7 5. Nf3 O-O 6. O-O d5 7. Qc2 c6 8. Ne5
Ne4 9. f3 Nd6 10. b3 Nd7 11. Nd3 Bf6 12. Bb2 Bg5 13. f4 Be7 14. Nd2 Ne4 15. a3
Qe8 16. Nf2 Ndf6 17. Ndxe4 Nxe4 18. Nxe4 fxe4 19. e3 Qh5 20. Rf2 Bd7 21. b4 a6
22. Qb3 Kh8 23. a4 h6 24. Bf1 Qf5 25. Bc3 Bd6 26. c5 Bc7 27. b5 axb5 28. axb5
Rxa1 29. Bxa1 Ra8 30. Ra2 Qf8 31. b6 Rxa2 32. Qxa2 Bb8 33. Qa8 Qc8 34. Be2 Kh7
35. Bh5 Bxf4 0-1

[Event "XIII. DBMM 2013 "]
[Site "?"]
[Date "2013.09.26"]
[Round "1.3"]
[White "Bumes, Konrad"]
[Black "Gebert-Vangeel, Ralf"]
[Result "0-1"]
[WhiteElo "1796"]
[BlackElo "2059"]
[PlyCount "63"]
[EventDate "2013.01.19"]

1. d4 d5 2. c4 c6 3. Nc3 e6 4. e3 Nf6 5. Nf3 Nbd7 6. Bd3 a6 7. O-O dxc4 8. Bxc4
b5 9. Bd3 Bb7 10. Qe2 c5 11. Rd1 c4 12. Bc2 Qc7 13. e4 b4 14. Na4 Be7 15. Bg5
h6 16. Bh4 Rc8 17. Bg3 Qa5 18. Nd2 Qb5 19. Re1 c3 20. bxc3 bxc3 21. Nb1 Bb4 22.
d5 O-O 23. dxe6 fxe6 24. Qe3 e5 25. Bb3+ Kh7 26. Nbxc3 Qa5 27. Rec1 Ng4 28. Qd3
Nc5 29. Nxc5 Bxc5 30. Nd1 Bd4 31. Rab1 Nf6 32. Bc2 {(Zeitüberschreitung 0-1)}
0-1

[Event "XIII. DBMM 2013 "]
[Site "?"]
[Date "2013.09.26"]
[Round "1.4"]
[White "Rath, Alina"]
[Black "Santos, Paulo"]
[Result "1-0"]
[WhiteElo "1998"]
[BlackElo "1848"]
[PlyCount "65"]
[EventDate "2013.01.19"]

1. c4 Nf6 2. Nc3 d5 3. cxd5 Nxd5 4. g3 g6 5. Bg2 c6 6. Nf3 Bg7 7. O-O O-O 8. d4
Nd7 9. e4 Nxc3 10. bxc3 e5 11. Qe2 exd4 12. cxd4 c5 13. Bb2 cxd4 14. Nxd4 Nb6
15. Rfd1 Qe7 16. a4 Rd8 17. a5 Nd7 18. Nb5 Ne5 19. Rxd8+ Qxd8 20. f4 Bg4 21.
Qc2 Rc8 22. Qb3 Nc6 23. Bxg7 Kxg7 24. Qb2+ Kg8 25. e5 Nxa5 26. Nxa7 Nc4 27. Qf2
Rc7 28. Nb5 Rd7 29. h3 Rd1+ 30. Rxd1 Qxd1+ 31. Kh2 Bd7 32. Nc3 Bc6 33. Nxd1 1-0

[Event "XIII. DBMM 2013 "]
[Site "?"]
[Date "2013.09.26"]
[Round "1.1"]
[White "Fischer, Alexander"]
[Black "Gotttschalk, Jens"]
[Result "1/2-1/2"]
[WhiteElo "2055"]
[BlackElo "2268"]
[PlyCount "66"]
[EventDate "2013.01.19"]

1. d4 Nf6 2. c4 c5 3. d5 b5 4. Qc2 e6 5. e4 bxc4 6. Bxc4 exd5 7. exd5 Be7 8.
Nf3 O-O 9. O-O d6 10. h3 Nbd7 11. b3 Nb6 12. Nc3 Nxc4 13. bxc4 Ne8 14. Bb2 Bf6
15. Ne4 Bxb2 16. Qxb2 Bf5 17. Rfe1 Rb8 18. Qc1 Bg6 19. Rb1 Rxb1 20. Qxb1 Qa5
21. Nh4 Qa6 22. Nxg6 hxg6 23. Qb3 Nc7 24. Nc3 Qc8 25. Nb5 Nxb5 26. Qxb5 Qc7 27.
a4 Rb8 28. Re8+ Rxe8 29. Qxe8+ Kh7 30. Qc6 Qe7 31. a5 Qe1+ 32. Kh2 Qe5+ 33. Kg1
Qe1+ 1/2-1/2

[Event "XIII. DBMM 2013 "]
[Site "?"]
[Date "2013.09.26"]
[Round "1.2"]
[White "Werner, Gregor"]
[Black "Lutterbey, Ralf"]
[Result "1-0"]
[WhiteElo "2152"]
[BlackElo "1887"]
[PlyCount "41"]
[EventDate "2013.01.19"]

1. d4 d5 2. Nf3 Nf6 3. e3 e6 4. Bd3 c5 5. b3 a6 6. O-O b5 7. c4 bxc4 8. bxc4
Nc6 9. Nc3 cxd4 10. exd4 dxc4 11. Bxc4 Bb4 12. Bb2 O-O 13. a3 Ba5 14. Qd3 h6
15. Rad1 Nd5 16. Ba2 Rb8 17. Na4 Bb7 18. Bb1 g6 19. Bc1 Kg7 20. Nc5 Nc3 21.
Nxe6+ 1-0

[Event "XIII. DBMM 2013 "]
[Site "?"]
[Date "2013.09.26"]
[Round "1.3"]
[White "Klowski, Bjoern Sigurd"]
[Black "Lipp, Hubert"]
[Result "0-1"]
[WhiteElo "1400"]
[BlackElo "2064"]
[PlyCount "68"]
[EventDate "2013.01.19"]

1. e4 e5 2. Nf3 Nf6 3. d4 Nxe4 4. Bd3 d5 5. dxe5 Nc5 6. O-O Nxd3 7. Qxd3 Be7 8.
b3 O-O 9. Bb2 c5 10. Nbd2 Nc6 11. c3 Be6 12. Rae1 Qd7 13. h3 Rad8 14. Nh2 f6
15. exf6 Bxf6 16. f4 Bf5 17. Qf3 d4 18. Ne4 Bxe4 19. Qxe4 Rfe8 20. Qf3 dxc3 21.
Bxc3 Nd4 22. Qf2 Qb5 23. Ba1 Qd3 24. Rd1 Ne2+ 25. Kh1 Qxd1 26. Rxd1 Rxd1+ 27.
Nf1 Rxf1+ 28. Qxf1 Ng3+ 29. Kg1 Nxf1 30. Kxf1 Bxa1 31. g4 Re3 32. Kg2 Re2+ 33.
Kf3 Rxa2 34. Ke4 Rh2 0-1

[Event "XIII. DBMM 2013 "]
[Site "?"]
[Date "2013.09.26"]
[Round "1.4"]
[White "Launert, Martin"]
[Black "Duemmler, Rudolf"]
[Result "1-0"]
[WhiteElo "1882"]
[BlackElo "1169"]
[PlyCount "53"]
[EventDate "2013.01.19"]

1. e4 e5 2. Nf3 d6 3. d4 exd4 4. Nxd4 Nf6 5. Nc3 a6 6. Bd3 Be7 7. O-O O-O 8. f4
Bg4 9. Nf3 Nc6 10. h3 Bxf3 11. Qxf3 Nd4 12. Qf2 Nc6 13. a3 Qd7 14. Bd2 Nd8 15.
Rae1 Ne6 16. Kh1 Qd8 17. b4 Nh5 18. Qf3 g6 19. Ne2 Bh4 20. g3 Bf6 21. g4 Nhg7
22. Ng3 Qd7 23. c3 c5 24. g5 Be7 25. h4 Rac8 26. Kg2 h5 27. f5 1-0

[Event "XIII. DBMM 2013 "]
[Site "?"]
[Date "2013.09.26"]
[Round "1.1"]
[White "Lange, Ronny"]
[Black "Koerlin, Hans-Juergen"]
[Result "1/2-1/2"]
[WhiteElo "1400"]
[BlackElo "1843"]
[PlyCount "67"]
[EventDate "2013.01.19"]

1. e4 e5 2. Nf3 Nc6 3. Bc4 Nf6 4. d4 exd4 5. e5 d5 6. Bb5 Ne4 7. Nxd4 Bd7 8.
Nxc6 bxc6 9. Bd3 Nc5 10. Be2 Ne6 11. Be3 Be7 12. O-O O-O 13. c3 f6 14. exf6
Bxf6 15. Nd2 a5 16. Bd3 Qe8 17. Re1 Qf7 18. Nb3 a4 19. Nc5 a3 20. Qc2 g6 21.
Nxd7 Qxd7 22. b3 Bg7 23. Qd2 Rf7 24. Re2 c5 25. Rd1 Re7 26. Rde1 Rae8 27. Bh6
Bf6 28. f4 Ng7 29. Rxe7 Rxe7 30. Rxe7 Qxe7 31. Bg5 Bxg5 32. fxg5 Qe5 33. h4 Nh5
34. Qe2 1/2-1/2

[Event "XIII. DBMM 2013 "]
[Site "?"]
[Date "2013.09.26"]
[Round "1.2"]
[White "Bockelmann, Rolf"]
[Black "Helps, Ian Malcolm"]
[Result "1/2-1/2"]
[WhiteElo "1843"]
[BlackElo "1400"]
[PlyCount "123"]
[EventDate "2013.01.19"]

1. e4 e5 2. Nf3 Nc6 3. Bc4 Bc5 4. Qe2 Nf6 5. Bxf7+ Kf8 6. Bb3 Na5 7. Nxe5 d6 8.
Nf7 Qe7 9. Nxh8 Nxb3 10. axb3 Nxe4 11. O-O Nf6 12. Re1 Qxe2 13. Rxe2 Bf5 14. c3
Bd3 15. Re1 Ng4 16. Ra4 Bxf2+ 17. Kh1 Bxe1 18. Rxg4 Bxb1 19. Rf4+ Kg8 20. Nf7
Rf8 21. Rf1 Rxf7 22. Rxe1 Bd3 23. Kg1 c6 24. b4 b5 25. h3 d5 26. b3 a6 27. Bb2
Kf8 28. Kh2 Re7 29. Ra1 Ra7 30. Re1 a5 31. Re3 Bc2 32. bxa5 Rxa5 33. Rf3+ Kg8
34. c4 bxc4 35. bxc4 dxc4 36. Ba3 g6 37. Bb4 Rb5 38. Bc3 Rf5 39. Re3 h5 40. Re6
Kf7 41. Rxc6 Bd3 42. Rc7+ Ke6 43. Rc6+ Kf7 44. Rc7+ Ke6 45. Rg7 Rf7 46. Rg8 Rb7
47. Re8+ Re7 48. Ra8 Kf5 49. Rf8+ Ke4 50. Rf3 Kd5 51. Rf8 Ke4 52. Rf3 Kd5 53.
Rf4 Re4 54. Rf6 Re2 55. Kg3 Be4 56. Rf2 Rxf2 57. Kxf2 Ke6 58. g3 Kf5 59. Ke3
Bd5 60. Ba5 g5 61. Bd8 g4 62. h4 1/2-1/2

[Event "XIII. DBMM 2013 "]
[Site "?"]
[Date "2013.09.26"]
[Round "1.3"]
[White "Van Eibergen, Robert"]
[Black "Quast, Michael"]
[Result "0-1"]
[WhiteElo "1321"]
[BlackElo "1708"]
[PlyCount "42"]
[EventDate "2013.01.19"]

1. d4 b6 2. e4 e6 3. Nf3 Bb7 4. Bd3 c5 5. c3 Nf6 6. e5 Nd5 7. Nbd2 Nf4 8. Bc2
Nxg2+ 9. Kf1 Nf4 10. Nc4 Ng6 11. Bg5 f6 12. exf6 gxf6 13. Be3 Na6 14. Rg1 Qc7
15. Bxg6+ hxg6 16. Rxg6 cxd4 17. Bxd4 Qxc4+ 18. Kg1 Qd5 19. Rxf6 Rg8+ 20. Kf1
O-O-O 21. c4 Qxc4+ 0-1

[Event "XIII. DBMM 2013 "]
[Site "?"]
[Date "2013.09.26"]
[Round "1.1"]
[White "Decker, Ingo"]
[Black "Keuchen, Michael"]
[Result "0-1"]
[WhiteElo "1696"]
[BlackElo "2050"]
[PlyCount "72"]
[EventDate "2013.01.19"]

1. e4 e6 2. d4 d5 3. exd5 exd5 4. Nf3 Bd6 5. Nc3 c6 6. Bd3 Bg4 7. h3 Bh5 8. g4
Bg6 9. Qe2+ Ne7 10. Ne5 Bxd3 11. Nxd3 O-O 12. O-O Ng6 13. f4 Qh4 14. Kg2 Nd7
15. Qf2 Rae8 16. Bd2 f5 17. g5 Nb6 18. b3 Rf7 19. Rae1 Qxf2+ 20. Kxf2 Rfe7 21.
Rxe7 Rxe7 22. Re1 Rxe1 23. Kxe1 Nf8 24. Ne2 Ne6 25. Kf2 Kf7 26. Kf3 g6 27. c3
Nc8 28. h4 Be7 29. c4 Nd6 30. Ne5+ Kg7 31. cxd5 cxd5 32. Nc3 Nxd4+ 33. Ke3 Nc2+
34. Kf3 Ne4 35. Nxe4 fxe4+ 36. Ke2 Nd4+ 0-1

[Event "XIII. DBMM 2013 "]
[Site "?"]
[Date "2013.09.26"]
[Round "1.2"]
[White "Raum, Norbert"]
[Black "Jacobsen, Ruediger"]
[Result "1-0"]
[WhiteElo "1835"]
[BlackElo "1532"]
[PlyCount "83"]
[EventDate "2013.01.19"]

1. d4 Nf6 2. Bf4 g6 3. e3 Bg7 4. c3 d6 5. Be2 O-O 6. Nd2 Nbd7 7. Ngf3 Nh5 8.
Bg5 h6 9. Bh4 g5 10. Bg3 Nxg3 11. hxg3 e5 12. Qc2 Re8 13. O-O-O exd4 14. Nxd4
Ne5 15. N2f3 a6 16. Nxe5 Rxe5 17. g4 Qe7 18. Rh3 Qf6 19. Bf3 Rb8 20. Rg3 b5 21.
Nc6 Rb6 22. Nxe5 Qxe5 23. Qe4 b4 24. Rd4 Bb7 25. Qxe5 Bxe5 26. Rxb4 Bxf3 27.
Rxb6 Bxg3 28. Rb8+ Kg7 29. gxf3 Bxf2 30. Kd2 Bg3 31. Ra8 Kf6 32. Rxa6 Ke6 33.
c4 f5 34. gxf5+ Kxf5 35. Ra8 h5 36. b4 h4 37. Rh8 Be5 38. Rf8+ Ke6 39. Ke2 h3
40. Kf1 Bc3 41. b5 Bd2 42. Kf2 1-0